| 000 | 00457cam a2200181ua 4500 | ||
|---|---|---|---|
| 020 | _c200.00 | ||
| 041 |
_aeng _h |
||
| 082 |
_a022.317 _bRAJ/UN |
||
| 100 | _aRajwant, Singh . | ||
| 245 |
_aUniversity library building in India / _cRajwant Singh. _hTextual Documents |
||
| 250 |
_a1 / _b. |
||
| 260 |
_aJodhpur : _bScientific Publishers , _c1984. |
||
| 300 | _a215 ; . | ||
| 365 | _a200.00 | ||
| 504 | _a | ||
| 942 | _cBK | ||
| 999 |
_c5736 _d5736 |
||